Top 35 Countries in Men's 800 Meters - Statistics

General Stats
  • This quiz has been taken 38 times
  • The average score is 30 of 35
Answer Stats
NR Continent Answer % Correct
1:43.74 Europe Italy
100%
1:42.47 Europe Russia
100%
1:43.65 Europe Spain
100%
1:43.99 Oceania Australia
97%
1:42.53 Europe France
97%
1:42.57 Europe Norway
97%
1:41.73 Europe United Kingdom
97%
1:42.34 North America United States
97%
1:40.91 Africa Kenya
95%
1:42.69 Africa South Africa
95%
1:43.86 Europe Belgium
92%
1:41.77 South America Brazil
92%
1:42.85 North America Canada
92%
1:42.37 Africa Ethiopia
92%
1:43.44 North America Mexico
92%
1:43.45 Europe Netherlands
92%
1:41.11 Europe Denmark
89%
1:42.61 Africa Algeria
86%
1:43.22 Europe Poland
86%
1:43.60 Africa Somalia
86%
1:42.55 Europe Switzerland
86%
1:43.72 Africa Uganda
86%
1:43.25 Africa Morocco
84%
1:42.85 North America Cuba
81%
1:44.00 Asia Turkey
81%
1:43.54 South America Venezuela
81%
1:43.67 Europe Latvia
73%
1:42.81 Africa Burundi
70%
1:43.82 Asia Qatar
70%
1:43.66 Asia Saudi Arabia
70%
1:41.73 Africa Botswana
68%
1:42.23 Africa Sudan
68%
1:42.79 Asia Bahrain
59%
1:42.51 Europe Bosnia and Herzegovina
51%
1:42.97 Africa Djibouti
51%
No matching quizzes found
Score Distribution
Percent of People with Each Score
Percentile by Number Answered
Your Score History
You have not taken this quiz